| 000 | 00814nas a2200265 4500 | ||
|---|---|---|---|
| 001 | BR2012005461 | ||
| 003 | BR-BrBNA | ||
| 005 | 20231205120904.0 | ||
| 007 | ta | ||
| 008 | 230509b bl.|||p| |||| 00| 00por d | ||
| 040 |
_aBR-BrBNA _bpor _cBiblioteca Nacional de Agricultura |
||
| 041 | _a(En) | ||
| 072 | _aH10 | ||
| 100 | 1 | _aFarache, F.H.A. | |
| 100 | 1 | _aPereira, R.A. | |
| 245 | 1 | _aNew occurrence of non-pollinating fig wasps (Hymenoptera: chalcidoidea)in Ficus microcarpa in Brazil | |
| 650 | _aVESPA | ||
| 650 | _aMORACEAE | ||
| 650 | _aFIGUEIRA VERMELHA | ||
| 650 | _aÁRVORE ORNAMENTAL | ||
| 650 | _aINSETO | ||
| 773 | 0 |
_tNeotropical Entomology (Brazil) _xISSN 1519-566X _g(Sep-Oct 2009), v. 38(5) p. 683-685 _wBR2012005461 |
|
| 909 |
_a202311 _bLúcia _c55 _dLúcia Elande |
||
| 942 |
_2AGRIS _n0 _cANA |
||
| 999 |
_c220814 _d220814 |
||